[Event "Challenge"]
[Site "http://www.queenalice.com/game.php?id=275753"]
[Date "2007.9.22"]
[Round "-"]
[White "walbert"]
[Black "fariagon"]
[Result "1-0"]
[WhiteElo "1530"]
[BlackElo "1470"]

1. e4 e5 2. Nf3 Nc6 3. Bc4 Nf6 4. Nc3 Bc5 5. O-O O-O 6. d3 d6 7. Bd2 Bg4 8. h3
Bxf3 9. Qxf3 Nd4 10. Qd1 a6 11. Be3 b5 12. Bd5 Nxd5 13. Nxd5 b4 14. c3 bxc3 15.
bxc3 Ne6 16. Bxc5 Nxc5 17. d4 Ne6 18. dxe5 c6 19. Ne3 dxe5 20. Nc4 Qg5 21. Nb6
Rad8 22. Qa4 Nf4 23. g3 Ne2+ 24. Kg2 Nxc3 25. Qxc6 Nxe4 26. Qxe4 Rd2 27. Rad1
Rxa2 28. Nd7 Re8 29. Rd5 f6 30. h4 Qh5 31. Qc4 Ra3 32. Rxe5+ Qf7 33. Rxe8# 1-0

[Event "Challenge"]
[Site "http://www.queenalice.com/game.php?id=287026"]
[Date "2007.10.15"]
[Round "-"]
[White "fariagon"]
[Black "Shodan"]
[Result "0-1"]
[WhiteElo "1444"]
[BlackElo "2128"]

1. e4 e5 2. Nf3 Nc6 3. d3 Bc5 4. Be3 Bb6 5. Bxb6 axb6 6. d4 exd4 7. Nxd4 d6 8.
Bb5 Bd7 9. O-O Nge7 10. Nc3 O-O 11. Qf3 Nxd4 12. Qd3 Nxb5 13. Nxb5 Bxb5 14. Qxb5
Ra5 15. Qb3 Kh8 16. Rad1 Ng6 17. Rfe1 f5 18. Rd4 Qf6 19. Rc4 fxe4 20. Rf1 Rf7
21. Rxe4 Re5 22. Rxe5 Nxe5 23. Qg3 Qf4 24. Qxf4 Rxf4 25. g3 Rf3 26. Re1 g5 27.
b4 Kg7 28. Kg2 Rc3 29. f4 Rxc2+ 30. Kf1 gxf4 31. gxf4 Nf7 32. a4 Kf6 33. Kg1 Rc4
34. Rb1 Rxf4 35. a5 b5 36. Kg2 Ne5 37. Kg3 Kf5 38. Rc1 c6 39. Rd1 d5 40. Rc1 h5
41. h4 Rxb4 42. Rf1+ Ke6 43. Rf8 Rg4+ 44. Kh3 d4 45. Re8+ Kd5 46. Re7 d3 47.
Rxb7 d2 48. Rh7 d1=Q 49. Rxh5 Qh1# 0-1

[Event "Challenge"]
[Site "http://www.queenalice.com/game.php?id=287031"]
[Date "2007.10.15"]
[Round "-"]
[White "Alessandra"]
[Black "fariagon"]
[Result "1-0"]
[WhiteElo "1263"]
[BlackElo "1392"]

1. e4 e5 2. Nf3 Nc6 3. Be2 Nf6 4. O-O Nxe4 5. g3 d5 6. d3 Nc5 7. Be3 Be7 8. b4
Nxb4 9. Bd2 Nca6 10. c3 e4 11. dxe4 dxe4 12. Ne5 O-O 13. a3 Nc6 14. Nxc6 bxc6
15. Re1 Rb8 16. Be3 Bc5 17. Nd2 Bxe3 18. fxe3 Re8 19. Bf1 Nc5 20. Bg2 Nd3 21.
Rf1 Ba6 22. Rf4 Nxf4 23. exf4 e3 24. Nf3 Qf6 25. Bf1 Bxf1 26. Qxf1 Qxc3 27. Rc1
Qxa3 28. Re1 Rb2 29. h4 e2 30. Qf2 a5 31. Nd4 a4 32. Nf3 1-0

[Event "Challenge"]
[Site "http://www.queenalice.com/game.php?id=287032"]
[Date "2007.10.15"]
[Round "-"]
[White "fariagon"]
[Black "carol_2007"]
[Result "1-0"]
[WhiteElo "1451"]
[BlackElo "1060"]

1. e4 Nf6 2. Nc3 g6 3. d3 Nh5 4. Nf3 Nf4 5. Bxf4 f6 6. d4 Rg8 7. Bc4 Rg7 8. O-O
Rf7 9. Bxf7+ Kxf7 10. Nh4 h6 11. Qg4 Ke8 12. Qxg6# 1-0

[Event "Challenge"]
[Site "http://www.queenalice.com/game.php?id=288340"]
[Date "2007.10.17"]
[Round "-"]
[White "fariagon"]
[Black "aguiadourada"]
[Result "1-0"]
[WhiteElo "1421"]
[BlackElo "1120"]

1. e4 d5 2. f3 e6 3. Nc3 Qd6 4. Bb5+ c6 5. Ba4 d4 6. Nce2 Nf6 7. d3 Qb4+ 8. c3
dxc3 9. bxc3 Qd6 10. d4 g6 11. e5 Qd5 12. exf6 h5 13. Nf4 Qc4 14. Nge2 g5 15.
Nh3 g4 16. Nhf4 gxf3 17. gxf3 b5 18. Bb3 Qxb3 19. Qxb3 h4 20. Ba3 Bxa3 21. Qxa3
Rg8 22. Rg1 Rf8 23. O-O-O Nd7 24. d5 cxd5 25. Rg4 Rh8 26. Qa5 h3 27. Qxb5 a6 28.
Qa4 Kf8 29. Qd4 1-0

[Event "Challenge"]
[Site "http://www.queenalice.com/game.php?id=288341"]
[Date "2007.10.17"]
[Round "-"]
[White "scottw"]
[Black "fariagon"]
[Result "0-1"]
[WhiteElo "1155"]
[BlackElo "1453"]

1. e4 e5 2. Nf3 Nc6 3. Bb5 Nf6 4. O-O Bc5 5. Nxe5 Nxe5 6. d4 Nxe4 7. dxc5 Nxc5
8. Re1 c6 9. Rxe5+ Ne6 10. Bd3 O-O 11. Qh5 g6 12. Qh6 Qf6 13. Bg5 Nxg5 14. Nc3
d6 15. Re3 Bf5 16. Bxf5 Qxf5 17. f3 Rae8 18. Rxe8 Rxe8 19. h4 Nxf3+ 0-1

[Event "Challenge"]
[Site "http://www.queenalice.com/game.php?id=289953"]
[Date "2007.10.20"]
[Round "-"]
[White "fariagon"]
[Black "roqqk"]
[Result "0-1"]
[WhiteElo "1456"]
[BlackElo "1560"]

1. e4 e5 2. Nf3 Nc6 3. Bb5 Nf6 4. Nc3 Bb4 5. d3 O-O 6. O-O d6 7. a3 Bxc3 8. bxc3
Na5 9. Bg5 Bg4 10. Rb1 Bxf3 11. Qxf3 d5 12. Bxf6 Qxf6 13. Qxf6 gxf6 14. exd5
Rad8 15. c4 c6 16. dxc6 bxc6 17. Bxc6 Nxc6 18. Rfe1 Nd4 19. c3 Nc2 20. Re4 Rxd3
21. a4 a5 22. c5 Rxc3 23. Rb5 Nb4 24. h3 Nc6 25. Rg4+ Kh8 26. f3 Nd4 27. Rxa5
Ne2+ 28. Kf2 Rc2 29. Rb5 Nd4+ 30. Kg3 Nxb5 31. axb5 Rxc5 32. b6 Rg8 33. b7 Rb5
34. Rxg8+ Kxg8 35. b8=Q+ Rxb8 36. Kg4 Rb4+ 37. Kf5 Rf4# 0-1

[Event "Challenge"]
[Site "http://www.queenalice.com/game.php?id=322158"]
[Date "2007.12.18"]
[Round "-"]
[White "Negruver"]
[Black "fariagon"]
[Result "0-1"]
[WhiteElo "1100"]
[BlackElo "1442"]

1. e4 d5 2. Qf3 Nf6 3. Bb5+ c6 4. Ba4 Bg4 5. Qc3 Nxe4 6. Qe5 Nd7 7. Qf4 Nb6 8.
Qxg4 Nxa4 9. Nc3 Naxc3 10. dxc3 e6 11. Nh3 f5 12. Qh5+ g6 13. Qd1 Bc5 14. f3 Nf6
15. Bg5 O-O 16. Nf4 Qe7 17. Kd2 e5 18. Nd3 Ne4+ 19. fxe4 Qxg5+ 20. Ke1 Qe3+ 21.
Kf1 Bb6 22. Nxe5 Qf2# 0-1

[Event "Challenge"]
[Site "http://www.queenalice.com/game.php?id=322162"]
[Date "2007.12.18"]
[Round "-"]
[White "Hykgs"]
[Black "fariagon"]
[Result "1-0"]
[WhiteElo "1526"]
[BlackElo "1444"]

1. e4 d5 2. e5 Nc6 3. Nf3 Bg4 4. Be2 Bxf3 5. Bxf3 Nxe5 6. d4 Nc6 7. Nc3 Nf6 8.
O-O Qd7 9. Bg5 O-O-O 10. Bxf6 exf6 11. Bg4 f5 12. Bh3 Bb4 13. Qd3 Ne7 14. Ne2 g5
15. g3 g4 16. Bg2 Rhg8 17. Nf4 Rge8 18. Qb3 Ba5 19. c4 Qc6 20. cxd5 Qf6 21. d6
Nc6 22. dxc7 Kxc7 23. Nd5+ Rxd5 24. Qxd5 Rd8 25. Qc5 Rxd4 26. Rad1 Rxd1 27. Rxd1
Qe6 28. Bxc6 bxc6 29. Qxa7+ Kc8 30. Qxa5 h5 31. Rd8+ Kb7 32. Qb4+ Kc7 33. Qb8#
1-0

[Event "Challenge"]
[Site "http://www.queenalice.com/game.php?id=322163"]
[Date "2007.12.18"]
[Round "-"]
[White "fariagon"]
[Black "Typhoon"]
[Result "0-1"]
[WhiteElo "1419"]
[BlackElo "1390"]

1. e4 Nc6 2. Nf3 e5 3. Bb5 Qf6 4. Bxc6 Qxc6 5. Nc3 Qg6 6. Nxe5 Qxg2 7. Ke2 d6 8.
Nf3 Bg4 9. Ke3 O-O-O 10. d4 g6 11. b3 Re8 12. Ba3 f5 13. e5 dxe5 14. Bxf8 f4+
15. Ke4 Bf5+ 16. Kd5 Rxf8 17. Kc4 Qxf2 18. dxe5 Bxc2 19. Rf1 Bxd1 20. Rxf2 Bc2
21. Rxc2 Rd8 22. Re1 Ne7 23. e6 h6 24. Rd1 Rxd1 25. Nxd1 Rd8 26. Rd2 Rxd2 27.
Nxd2 c6 28. Ne4 Kd8 29. a4 g5 30. Nf6 Nf5 31. Ng8 Ne3+ 32. Nxe3 fxe3 33. e7+ Ke8
34. Kd3 Kf7 35. Nxh6+ Kxe7 36. Kxe3 Ke6 37. Ng4 c5 38. Nf2 b6 39. Ne4 Kf5 40. h3
Kg6 41. Kf3 Kf5 42. Ng3+ Kf6 43. Kg4 a6 0-1

[Event "Challenge"]
[Site "http://www.queenalice.com/game.php?id=322164"]
[Date "2007.12.18"]
[Round "-"]
[White "fariagon"]
[Black "BarnabyJockers"]
[Result "0-1"]
[WhiteElo "1421"]
[BlackElo "1847"]

1. e4 d6 2. d4 e6 3. Nf3 Nf6 4. Nc3 Nc6 5. Bb5 Bd7 6. O-O a6 7. Bxc6 Bxc6 8. Qe1
h6 9. e5 dxe5 10. dxe5 Nd5 11. Nxd5 Bxd5 12. Bf4 Bc4 13. Rd1 Qc8 14. Qe4 Bxf1
15. Kxf1 Be7 16. Nd4 c5 17. Nb3 b6 18. c4 Rb8 19. Qd3 O-O 20. Nd2 Rd8 21. Qg3
Bg5 22. Bxg5 hxg5 23. Qxg5 Qd7 24. Ke1 Qd3 25. b3 Rd4 26. h4 Rbd8 27. h5 Re4+
28. Qe3 Rxe3+ 29. fxe3 Qxe3+ 30. Kf1 Rxd2 31. Rxd2 Qxd2 32. a4 Qd1+ 33. Kf2 Qxb3
34. g3 Qxc4 35. Kf3 Qxa4 36. g4 c4 37. Kf4 c3+ 38. Kg5 c2 0-1

[Event "Challenge"]
[Site "http://www.queenalice.com/game.php?id=325061"]
[Date "2007.12.24"]
[Round "-"]
[White "Negruver"]
[Black "fariagon"]
[Result "1-0"]
[WhiteElo "1261"]
[BlackElo "1444"]

1. e4 d5 2. d3 Nf6 3. c4 dxc4 4. dxc4 Nxe4 5. Qf3 Nc5 6. Nc3 e6 7. Bf4 Bd6 8.
Rd1 O-O 9. Nh3 e5 10. Bg5 Qe8 11. Qg3 e4 12. Qh4 Nbd7 13. Rd5 Nd3+ 14. Ke2 N7c5
15. Qg4 Bxg4+ 16. f3 exf3+ 17. Kd2 1-0

[Event "Challenge"]
[Site "http://www.queenalice.com/game.php?id=332171"]
[Date "2008.1.6"]
[Round "-"]
[White "fariagon"]
[Black "wilbrito"]
[Result "0-1"]
[WhiteElo "1425"]
[BlackElo "1732"]

1. e4 e5 2. Nf3 Nc6 3. Bb5 Qf6 4. O-O a6 5. Bc4 Bb4 6. a3 Bc5 7. Nc3 Nce7 8. b4
Bb6 9. a4 Ng6 10. d3 c6 11. Bg5 Qd6 12. b5 f6 13. Be3 Ba5 14. Ne2 N8e7 15. Ng3
Bc7 16. Nf5 Nxf5 17. exf5 e4 18. Nd4 Qxh2# 0-1

[Event "Challenge"]
[Site "http://www.queenalice.com/game.php?id=358798"]
[Date "2008.2.22"]
[Round "-"]
[White "fariagon"]
[Black "roqqk"]
[Result "0-1"]
[WhiteElo "1402"]
[BlackElo "1556"]

1. e4 e5 2. Nf3 Nc6 3. Bc4 Bc5 4. O-O Nf6 5. Nc3 Na5 6. Bb5 O-O 7. Nxe5 c6 8.
Bd3 d6 9. Nc4 Nxc4 10. Bxc4 Ng4 11. d4 Qh4 12. Bf4 g5 13. Be2 gxf4 0-1

[Event "Challenge"]
[Site "http://www.queenalice.com/game.php?id=757529"]
[Date "2010.4.7"]
[Round "-"]
[White "roqqk"]
[Black "fariagon"]
[Result "1-0"]
[WhiteElo "1623"]
[BlackElo "1356"]

1. e4 e5 2. Nf3 Nc6 3. d3 h6 4. Nc3 Bb4 5. a3 Ba5 6. b4 Bb6 7. a4 Nxb4 8. Nxe5
Qf6 9. f4 Bd4 10. Ra3 g5 11. Nd5 Qd6 12. c3 Nxd5 13. exd5 Bc5 14. Qe2 gxf4 15.
Ng6+ Ne7 16. Bxf4 Qxg6 17. d6 cxd6 18. Rb3 b6 19. d4 Qf5 20. g4 Qxf4 21. dxc5
Qxa4 22. cxd6 Kf8 23. Qxe7+ Kg7 24. Qe5+ f6 25. Qe7+ Kg8 26. Rb4 Qa1+ 27. Kf2
Qa2+ 28. Kg1 Ba6 29. Qxf6 Bxf1 30. Qg6+ Kf8 31. Rf4+ Qf7 32. Qxf7# 1-0

[Event "Challenge"]
[Site "http://www.queenalice.com/game.php?id=765082"]
[Date "2010.4.23"]
[Round "-"]
[White "fariagon"]
[Black "jjjcarvalho"]
[Result "1-0"]
[WhiteElo "1363"]
[BlackElo "1680"]

1. e4 e5 2. Nf3 d6 3. Nc3 f5 4. d3 Nf6 5. Bg5 Be7 6. Nh4 fxe4 7. Nxe4 Nxe4 8.
Bxe7 Qxe7 9. dxe4 Qxh4 10. Qf3 Bg4 11. Qe3 Nc6 12. g3 Qf6 13. f3 Be6 14. O-O-O
Nd4 15. f4 c5 16. c3 Nb5 17. Bxb5+ Bd7 18. Bxd7+ Kxd7 19. Rhf1 b6 20. fxe5 Qxe5
21. Rd5 Qe6 22. Rff5 Kc7 23. Qf3 Rad8 24. Rf7+ Rd7 25. Rxd7+ Kxd7 26. e5 Qe7 27.
Rxd6+ Ke8 28. Qf5 Rf8 29. Qh5+ Qf7 30. Qxh7 Qxa2 31. Qh5+ Qf7 32. Re6+ Kd7 33.
Rd6+ Kc7 34. Qxf7+ Rxf7 35. h4 Rf3 36. Rg6 Rf7 37. e6 Re7 38. h5 a5 39. g4 Kd6
40. g5 Rxe6 41. Rxe6+ Kc7 42. Re7+ Kd8 43. Rxg7 b5 44. h6 c4 45. h7 1-0

[Event "Challenge"]
[Site "http://www.queenalice.com/game.php?id=810758"]
[Date "2010.7.30"]
[Round "-"]
[White "Dedey"]
[Black "fariagon"]
[Result "0-1"]
[WhiteElo "1241"]
[BlackElo "1351"]

1. e4 e5 2. Nf3 Nc6 3. Bc4 Nf6 4. Ng5 Ke7 5. Nxf7 Qe8 6. Nxh8 Nxe4 7. Bf7 Qd8 8.
Bd5 Ng5 9. d3 h6 10. Ng6+ Kd6 11. Bc4 Qf6 12. Nxf8 Qxf8 13. O-O Ke7 14. Bxg5+
Kd6 15. Be3 g5 16. d4 Ke7 17. dxe5 Nxe5 0-1